| 000 | 00724nam a22002177a 4500 | ||
|---|---|---|---|
| 005 | 20140813120543.0 | ||
| 010 | _aENG-107575 | ||
| 020 |
_a9780415831383 _c495.00 |
||
| 035 | _aEN-91108 | ||
| 035 | _aB-538680-686 | ||
| 037 | _bDBAD/PUB | ||
| 037 |
_bKKP/Ven _adpl |
||
| 082 | _a901 | ||
| 100 | _aMani, Lata | ||
| 245 |
_aThe integral nature of things : _cby Lata Mani _bcritical reflection on the present / |
||
| 260 |
_aNew Delhi _bRoutledge _c2013 |
||
| 270 |
_a912, Tolstoy House, 15-17 Tolstoy Marg, Connaught Place _bNew Delhi _e110001 |
||
| 300 |
_a240p. _c23cm(pbk) |
||
| 942 |
_2ddc _cEN _mMAN _h901 |
||
| 999 |
_c76527 _d76527 |
||